00667nam a22001937a 450000500170000001000150001702000260003203500130005803700130007108200120008424500880009626000340018427000720021830000240029050000260031450000510034060000630039170000190045420141015111038.0 aENG-111000 a9789380607900c795.00 aEN-94532 bDBAD/PUB a954.035 aInvoking Ambedkar :cedited by Biswamoy Patibcontributions, receptions, legacies / aNew DelhibPrimus Booksc2014 aVirat Bhavan, Mukherjee Nagar Commercial ComplexbNew Delhie110009 axii,172p.c25cm(Hb) aContributed articles. aIncludes bibliographical references and index. aAmbedkar, B. R., d1891-1956 xPolitical and social views. a Pati,Biswamoy